TB. OF CRITICAL CARE (Record no. 8667)

MARC details
000 -LEADER
fixed length control field 00332nam a22001577a 4500
003 - CONTROL NUMBER IDENTIFIER
control field SGT
020 ## - INTERNATIONAL STANDARD BOOK NUMBER
International Standard Book Number 978-81-312-2900-2
082 ## - DEWEY DECIMAL CLASSIFICATION NUMBER
Classification number 616.024, C14V
100 ## - MAIN ENTRY--PERSONAL NAME
Personal name VINCENT, J. L.
245 ## - TITLE STATEMENT
Title TB. OF CRITICAL CARE
250 ## - EDITION STATEMENT
Edition statement 6TH
260 ## - PUBLICATION, DISTRIBUTION, ETC. (IMPRINT)
Place of publication, distribution, etc ELSEVIER
Name of publisher, distributor, etc DELHI
Year of Publication 2011
300 ## - PAGE DESCRIPTION
No. of Pages 1698
650 ## - SUBJECT ADDED ENTRY--TOPICAL TERM
Topical term or geographic name as entry element MEDICINE
942 ## - ADDED ENTRY ELEMENTS (KOHA)
Source of classification or shelving scheme Dewey Decimal Classification
Koha item type Books
Holdings
Withdrawn status Lost status Source of classification or shelving scheme Damaged status Not for loan Collection code Home library Current library Shelving location Date acquired Vendor Name Cost, normal purchase price SGTU Bill Number Total Checkouts Full call number Accession No. (Barcode) Date last seen Bill Date Koha item type
    Dewey Decimal Classification     MEDICAL SGT Medical Library SGT Medical Library Reference Book 30/03/2016 AHUJA BOOK COMPANY 8045.00 SGTU 5978   616.024, C14V FM7531 30/03/2016 14/08/2015 Books